| 000 | 00428nam a22001457a 4500 | ||
|---|---|---|---|
| 005 | 20260113125242.0 | ||
| 008 | 260113b |||||||| |||| 00| 0 eng d | ||
| 010 | _aQA299.6 M35 2017. | ||
| 020 | _a9788184875904 | ||
| 100 | _aMaity,kalipada, | ||
| 245 |
_aIntroduction to Differential Equations _c/kalipada,Maity. |
||
| 260 |
_aDelhi,india. _bNAROSA PUBLISHING HOUSE PVT LTD. _cc2017 |
||
| 300 |
_axvii,624p. _c23.5cm |
||
| 942 | _2lcc | ||
| 999 |
_c110 _d110 |
||